| 000 | 00876nam a2200265Ia 4500 | ||
|---|---|---|---|
| 003 | OSt | ||
| 005 | 20220923211556.0 | ||
| 006 | a|||||r|||| 00| 0 | ||
| 007 | ta | ||
| 008 | Pun | ||
| 020 |
_a9789385670534 (hbk) _c195 |
||
| 024 | _a324,215 | ||
| 037 |
_b1007, 15/01/2018, H.K. Prakashan _cTextual |
||
| 040 |
_aARTS _cARTS _bPun |
||
| 041 |
_2Pun _aPun |
||
| 082 | _aO153,1NBH:g, Q6 | ||
| 100 | _aਸੁਖਪਾਲ ਕੌਰ, ਂਚ. | ||
| 245 | 0 |
_aਸਤਪਾਲ ਭੀਖੀ ਕਾਵਿ _b ਇੱਕ ਅਧਿਐਨ |
|
| 260 |
_aਪਟਿਆਲਾ _b ਗੇ੍ਰFਿਅਸ _c2016 |
||
| 300 |
_a110ਪੰ _ccm. |
||
| 650 | _a ਪੱਛਮੀ ਸਾਹਿਤ | ||
| 650 | _aਪੰਜਾਬੀ ਕਾਵਿ | ||
| 942 |
_hO153,1NBH:g, Q6 _cTEXL _2CC |
||
| 999 |
_c300923 _d300923 |
||